000 00470nam a2200181 4500
003 SEACOMMC
005 20240924133757.0
008 240924b |||||||| |||| 00| 0 eng d
020 _a 81-7808-530-5
_cRs.250.00
040 _aSEACOMMC
082 _a331.714
_bP484
100 _a Petersen, H.C
245 1 _aManagerial Economics
_c H.C Petersen and W.C Lewis
250 _a4th ed.
260 _aDelhi
_b Pearson Education
_c2005
650 _a Economics
942 _cBOOK
999 _c591
_d591